00625nam a2200193 a 4500008004100000020002900041040001600070100002400086245010400110260003400214300004500248336002800293337003000321338002900351500002000380650001300400003000100413005001700414  a9781138195301 (hardback) aNUST cNUST1 aWeixel-Dixon, Karen10aInterpersonal conflict: ban extential psychotherapeutic and practical model /cWeixel-Dixon, Karen aNew York :bRoutledge, c2017 avii, 136 pages :billustrations ;c24 cm atextbtxt2rdacontent  aunmediatedbn2rdamedia  avolumebnc2rdacarrier  aIncludes index. 1aConflict20230123141228.0